Agenda Barcelona 2017 /
Descripción Física:
200 pàgines : il·lustracions ; 21 cm
Materias:
Agendes
Idioma:
Catalán
MARC
| LEADER | 00000nam a2200000 a 4500 | ||
|---|---|---|---|
| 001 | 25634 | ||
| 008 | 220525b spa||||| |||| 00| 0 cat d | ||
| 080 | |a Bib-583 | ||
| 245 | |a Agenda Barcelona 2017 / |c il·lustracions: Albert Arrayás ; guió i coordinació: Begoña García Carteron | ||
| 250 | |a Primera edició | ||
| 260 | |a Barcelona : |b Editorial Mediterrània, |c març de 2016 | ||
| 300 | |a 200 pàgines : |b il·lustracions ; |c 21 cm | ||
| 655 | 0 | |a Agendes |9 52728 | |
| 710 | 2 | |9 51323 |a Barcelona és Molt Més |e marca turística | |
| 710 | 1 | |a Barcelona (Catalunya : Província). |b Diputació |9 52408 | |
| 942 | |2 udc |c ARXIU |n 1 | ||
| 952 | |0 0 |1 0 |4 0 |6 BIB583 |7 1 |9 62024 |a Arxiu |b Arxiu |d 2022-05-25 |l 0 |o Bib-583 |p 25634 |r 2022-05-25 00:00:00 |w 2022-05-25 |y ARXIU | ||
| 999 | |c 81740 |d 81740 | ||